000 00455nam a2200181Ia 4500
003 GCL
008 140319s9999 xx 000 0 eng d
040 _aGCL /
_cGCL
082 0 4 _a821
_bG K
100 1 _aGARROD, H. W.
245 1 0 _aKEATS: COMPLETE POETIAL WORKS /
_cGARROD, H. W.
260 _a[S.N] :
_bOXFORD UNIVERSITY PRESS ،
_c1988
300 _a477 P
650 0 4 _aLITERATURE
650 0 4 _aPOETRY
650 0 4 _aKEATS, JOHN
942 _2ddc
_cBK
999 _c24590
_d24590